Unoriented bordism and actions of finitye groups

Αποθηκεύτηκε σε:
Λεπτομέρειες βιβλιογραφικής εγγραφής
Κύριος συγγραφέας: Stong, Robert E.
Μορφή: Βιβλίο
Γλώσσα:English
Δημοσίευση: Providence, R.I. : American Mathematical Society, 1970
Σειρά:Memoirs of the American Mathematical Society ; ; 103
Θέματα:
Ετικέτες: Προσθήκη ετικέτας
Δεν υπάρχουν, Καταχωρήστε ετικέτα πρώτοι!

MARC

LEADER 00000nam a2200000 i 4500
001 1/47379
008 941103s1970 eng d
020 |a 0-8218-1803-1 
035 |a 1993  |l 10043049 
040 |a GR-MY-UA  |b gre  |e aacr 
041 0 |a eng 
082 0 |a 514.23 
100 1 |a Stong, Robert E. 
245 1 0 |a Unoriented bordism and actions of finitye groups /  |c by R.E. Stong 
260 |a Providence, R.I. :   |b American Mathematical Society,   |c 1970 
300 |a 80 p.;  |c 26 cm. 
490 1 |a Memoirs of the American Mathematical Society  |v ; 103 
500 |a Bibliography: p. 80 
650 0 0 |a Homology theory. 
830 0 |a Memoirs of the American Mathematical Society ;  |v ; 103 
852 |a INST  |b SAMOS  |e 19941103  |h 514.23 STO  |p 005300002442  |q 005300002442  |t BK  |y 0 
909 |a Σ  |b 033302